00366nam a2200145Ia 4500008004100000082001700041100001400058245004000072250000800112260002900120300001100149500002400160650001500184700002100199230524s9999 xx 000 0 und d a621.382bGUP aB.R.Gupta 0aFundamentals of Electrical Networks a1ST aNEW DELHIbS.Chandc2005 aXI;642 aQuantity Number: 2 aElectrical a Vandana Singhal